[Event "Guimaraes 2nd"]
[Site "Guimaraes"]
[Date "2018.10.06"]
[Round "5"]
[White "Martinez Ferreira, Oscar"]
[Black "Martins, Bruno Andre Leite"]
[Result "0-1"]
[WhiteElo "1752"]
[BlackElo "2248"]
[PlyCount "68"]
[EventDate "2018.10.04"]
[EventType "swiss"]
[EventRounds "7"]
[EventCountry "POR"]
[SourceTitle "CBM 186 Extra"]
[Source "ChessBase"]
[SourceDate "2018.08.24"]
[SourceVersion "1"]
[SourceVersionDate "2018.08.24"]
[SourceQuality "1"]

1. d4 Nf6 2. c4 g6 3. Nc3 Bg7 4. e4 d6 5. h3 0-0 6. Nf3 e5 7. d5 a5 8. Be3 Na6 9. Be2 Nc5 10. Nd2 Bd7 11. g4 c6 12. g5 Ne8 13. h4 Nc7 14. h5 cxd5 15. cxd5 b5 16. Qb1 b4 17. Nd1 Nb5 18. f3 Nd4 19. Bc4 Rc8 20. b3 a4 21. Nf2 Qa5 22. Nd3 axb3 23. Bxd4 exd4 24. axb3 Qd8 25. Nxc5 Rxc5 26. f4 d3 27. Ra7 Ra5 28. Rxa5 Qxa5 29. hxg6 fxg6 30. 0-0 Qc5+ 31. Kh2 Rxf4 32. Rxf4 Be5 33. Qxd3 Qf2+ 34. Kh1 Bxf4 0-1

[Event "Pontevedra op-B 6th"]
[Site "Pontevedra"]
[Date "2018.08.08"]
[Round "1"]
[White "Cereijo Suarez, Nerea"]
[Black "Martinez Ferreira, Oscar"]
[Result "0-1"]
[WhiteElo "1316"]
[BlackElo "1747"]
[PlyCount "128"]
[EventDate "2018.08.08"]
[EventType "swiss"]
[EventRounds "9"]
[EventCountry "ESP"]
[SourceTitle "CBM 186 Extra"]
[Source "ChessBase"]
[SourceDate "2018.08.24"]
[SourceVersion "1"]
[SourceVersionDate "2018.08.24"]
[SourceQuality "1"]

1. d4 d5 2. c4 c6 3. Nc3 Nf6 4. Nf3 dxc4 5. e3 b5 6. a4 b4 7. Nb1 a5 8. Bxc4 e6 9. 0-0 Bb7 10. b3 Nbd7 11. Bb2 Be7 12. Nbd2 0-0 13. Qe2 c5 14. Rac1 Qb6 15. Bb5 Rac8 16. Nc4 Qa7 17. Nce5 Bd5 18. Nxd7 Nxd7 19. Bc4 Nf6 20. Nd2 Ne4 21. Bxd5 Nxd2 22. Bxe6 Nxf1 23. Bxc8 Nxe3 24. Qxe3 Rxc8 25. dxc5 Rxc5 26. Rxc5 Qxc5 27. Bd4 Qd6 28. g3 Bd8 29. Qe8+ Qf8 30. Qb5 Qe7 31. Bb6 Qe1+ 32. Kg2 Bxb6 33. Qxb6 Qe4+ 34. Kg1 h6 35. Qe3 Qd5 36. Qe8+ Kh7 37. Qe3 Qd1+ 38. Kg2 Qc2 39. Kf3 Qf5+ 40. Kg2 Kg6 41. Qb6+ Kh7 42. Qe3 g5 43. Qf3 Kg6 44. Qc6+ Kg7 45. Qf3 Kf6 46. Qc6+ Qe6 47. Qf3+ Kg6 48. Qd3+ f5 49. g4 h5 50. gxf5+ Qxf5 51. Qd6+ Kf7 52. Qc7+ Ke6 53. Qc8+ Ke5 54. Qc5+ Ke4 55. Qc2+ Kf4 56. Qc4+ Qe4+ 57. Qxe4+ Kxe4 58. Kg3 Kd3 59. f4 gxf4+ 60. Kxf4 Kc3 61. Kg5 Kxb3 62. Kxh5 Kxa4 63. Kg5 b3 64. h4 b2 0-1